000 00704nam a2200241Ia 4500
003 OSt
005 20220925222754.0
006 a|||||r|||| 00| 0
007 ta
008 220923b |||||||| |||| 00| 0 eng d
037 _cGeneral Book
040 _aRTL
_cRTL
_beng
041 _2eng
_aeng
082 _aYxM64:g, M8
100 _aKasler Dirk
_9131626
245 0 _aMax Weber
_bAn introduction to his life and work Trans by Philippa Hurd
260 _aLondon
_bPolity Press
_c1988
300 _axiii,287p
_ccm.
490 _aSocial and Political Theory
500 _aBibliography P 235-275
942 _hYxM64:g, M8
_cGB
_2CC
999 _c577741
_d577741